[Event "Palermo op 28th"]
[Site "Palermo"]
[Date "2023.09.24"]
[Round "7"]
[White "Musso, Alessio"]
[Black "Theon, Pierre"]
[Result "1/2-1/2"]
[WhiteElo "2162"]
[BlackElo "2089"]
[PlyCount "73"]
[EventDate "2023.09.21"]
[EventType "swiss"]
[EventRounds "7"]
[EventCountry "ITA"]
[SourceTitle "EXT 2024"]
[Source "ChessBase"]
[SourceDate "2023.10.10"]
[SourceVersion "1"]
[SourceVersionDate "2023.10.10"]
[SourceQuality "1"]

1. f4 d5 2. Nf3 Bg4 3. e3 Nd7 4. Be2 Ngf6 5. b3 Bxf3 6. Bxf3 e5 7. fxe5 Nxe5 8. Bb2 Bd6 9. 0-0 c6 10. Nc3 Qc7 11. Rf2 h5 12. h3 0-0-0 13. d4 Nxf3+ 14. Qxf3 Bb4 15. Ne2 Ne4 16. Rff1 Rd7 17. Rfd1 g5 18. a3 g4 19. Qf5 Bf8 20. c4 Bh6 21. Rd3 Ng3 22. Nxg3 Qxg3 23. cxd5 gxh3 24. Qxh3 Qxh3 25. gxh3 Rg8+ 26. Kh2 cxd5 27. Rf1 Rc7 28. Bc3 Bf8 29. Be1 Bd6+ 30. Kh1 Rc2 31. Rc3+ Rxc3 32. Bxc3 Rg3 33. Bd2 Rxh3+ 34. Kg1 Rg3+ 35. Kh1 Rh3+ 36. Kg1 Rg3+ 37. Kh1 1/2-1/2

[Event "Sautron op qual 19th"]
[Site "Sautron"]
[Date "2019.08.31"]
[Round "6.7"]
[White "Theon, Pierre"]
[Black "Briand, Amaury"]
[Result "1-0"]
[WhiteElo "2116"]
[BlackElo "1962"]
[PlyCount "37"]
[EventDate "2019.08.30"]
[EventType "swiss"]
[EventRounds "6"]
[EventCountry "FRA"]
[SourceTitle "EXT 2021"]
[Source "ChessBase"]
[SourceDate "2020.10.23"]
[SourceVersion "1"]
[SourceVersionDate "2020.10.23"]
[SourceQuality "1"]

1. e4 e5 2. Nf3 Nc6 3. d4 exd4 4. Bc4 Nf6 5. e5 d5 6. Bb5 Ne4 7. Nxd4 Bd7 8. Bxc6 Bxc6 9. 0-0 Qd7 10. Be3 Nc5 11. Nc3 Rd8 12. f4 Be7 13. f5 g6 14. e6 fxe6 15. f6 Bd6 16. f7+ Kf8 17. Bh6+ Ke7 18. Bg5+ Kf8 19. Bf6 1-0

[Event "Sautron op qual 19th"]
[Site "Sautron"]
[Date "2019.08.31"]
[Round "3.1"]
[White "Theon, Pierre"]
[Black "Dumitrache, Dragos Nicolae"]
[Result "1/2-1/2"]
[WhiteElo "2116"]
[BlackElo "2378"]
[PlyCount "57"]
[EventDate "2019.08.30"]
[EventType "swiss"]
[EventRounds "6"]
[EventCountry "FRA"]
[SourceTitle "EXT 2021"]
[Source "ChessBase"]
[SourceDate "2020.10.23"]
[SourceVersion "1"]
[SourceVersionDate "2020.10.23"]
[SourceQuality "1"]

1. e4 c5 2. Nf3 e6 3. d4 cxd4 4. Nxd4 Nc6 5. Nc3 Nf6 6. Be2 Bb4 7. 0-0 Bxc3 8. bxc3 Nxe4 9. Bd3 Nxc3 10. Qg4 Nd5 11. Qxg7 Qf6 12. Qxf6 Nxf6 13. Nb5 0-0 14. Re1 a6 15. Nd6 Ne8 16. Ba3 Nxd6 17. Bxd6 Re8 18. Re3 b5 19. Be4 f6 20. Rg3+ Kh8 21. Rh3 f5 22. Bxc6 dxc6 23. Be5+ Kg8 24. Rg3+ Kf8 25. Rd1 Ra7 26. Bd6+ Kf7 27. Be5 Kf8 28. Bd6+ Kf7 29. Be5 1/2-1/2

[Event "Sautron op qual 19th"]
[Site "Sautron"]
[Date "2019.08.30"]
[Round "2.12"]
[White "Jangwa, Valentin"]
[Black "Theon, Pierre"]
[Result "0-1"]
[WhiteElo "1617"]
[BlackElo "2116"]
[PlyCount "34"]
[EventDate "2019.08.30"]
[EventType "swiss"]
[EventRounds "6"]
[EventCountry "FRA"]
[SourceTitle "EXT 2021"]
[Source "ChessBase"]
[SourceDate "2020.10.23"]
[SourceVersion "1"]
[SourceVersionDate "2020.10.23"]
[SourceQuality "1"]

1. Nf3 Nf6 2. Nc3 d5 3. d4 g6 4. Bg5 Bg7 5. Qd2 Ne4 6. Qe3 Nxg5 7. Qxg5 Bf5 8. 0-0-0 Nc6 9. a3 a6 10. e3 f6 11. Qh4 b5 12. Bd3 Bxd3 13. cxd3 b4 14. axb4 Nxb4 15. Kd2 0-0 16. Na4 Qd6 17. Nc5 e5 0-1

[Event "Angers op 14th"]
[Site "Angers"]
[Date "2019.05.31"]
[Round "2"]
[White "Theon, Pierre"]
[Black "Daeschler, Florian"]
[Result "1-0"]
[WhiteElo "2063"]
[BlackElo "2329"]
[PlyCount "117"]
[EventDate "2019.05.31"]
[EventType "swiss"]
[EventRounds "6"]
[EventCountry "FRA"]
[SourceTitle "CBM 190 Extra"]
[Source "ChessBase"]
[SourceDate "2019.07.15"]
[SourceVersion "1"]
[SourceVersionDate "2019.07.15"]
[SourceQuality "1"]

1. e4 e5 2. Nf3 Nc6 3. d4 exd4 4. Bc4 Nf6 5. e5 d5 6. Bb5 Ne4 7. Nxd4 Bc5 8. Be3 0-0 9. Nxc6 bxc6 10. Bxc5 Nxc5 11. Bxc6 Rb8 12. Qxd5 Qe7 13. 0-0 Rxb2 14. Na3 Rb6 15. Qf3 Rxc6 16. Qxc6 Bb7 17. Qb5 Qg5 18. g3 Qxe5 19. Qc4 Ne6 20. Rab1 Bd5 21. Rfe1 Qxe1+ 22. Rxe1 Bxc4 23. Nxc4 Rb8 24. Re3 Rb4 25. Ne5 Ra4 26. a3 g6 27. Kg2 a6 28. h4 Ra5 29. f4 Nd4 30. Rd3 Nxc2 31. Rd8+ Kg7 32. Rd7 Rxa3 33. Rxf7+ Kg8 34. Rxc7 Ne3+ 35. Kf2 Nf5 36. g4 Ra2+ 37. Kf3 Nxh4+ 38. Ke4 Ng2 39. Rc8+ Kg7 40. Rc7+ Kf8 41. Rxh7 Ra4+ 42. Kf3 Ne1+ 43. Kg3 Ra3+ 44. Kh4 Kg8 45. Ra7 Nf3+ 46. Nxf3 Rxf3 47. Kg5 Rg3 48. Rxa6 Kf7 49. Rf6+ Kg7 50. Rxg6+ Kh7 51. Ra6 Kg7 52. Ra7+ Kg8 53. Kf5 Rb3 54. g5 Rb5+ 55. Kg6 Rb6+ 56. Kh5 Rb1 57. f5 Rb6 58. f6 Rb8 59. g6 1-0

[Event "Angers op 13th"]
[Site "Angers"]
[Date "2018.05.13"]
[Round "5"]
[White "Bourgois, Bastien"]
[Black "Theon, Pierre"]
[Result "1-0"]
[WhiteElo "2072"]
[BlackElo "2124"]
[PlyCount "49"]
[EventDate "2018.05.11"]
[EventType "swiss"]
[EventRounds "6"]
[EventCountry "FRA"]
[SourceTitle "CBM 184 Extra"]
[Source "ChessBase"]
[SourceDate "2018.06.28"]
[SourceVersion "1"]
[SourceVersionDate "2018.06.28"]
[SourceQuality "1"]

1. d4 Nf6 2. c4 c5 3. d5 b5 4. cxb5 a6 5. Nc3 axb5 6. e4 b4 7. Nb5 d6 8. a4 bxa3 9. Rxa3 Rxa3 10. bxa3 Qb6 11. Qa4 Nfd7 12. Bd2 Na6 13. Nf3 Qb8 14. Bc4 g6 15. e5 dxe5 16. d6 f6 17. 0-0 exd6 18. Rb1 Qa8 19. Qb3 Ke7 20. Bg8 c4 21. Qxc4 Nac5 22. Bb4 Qa4 23. Bxc5 Qxc4 24. Bxd6+ Kd8 25. Bxc4 1-0

[Event "Angers op 13th"]
[Site "Angers"]
[Date "2018.05.13"]
[Round "6"]
[White "Theon, Pierre"]
[Black "Gely, Yann"]
[Result "0-1"]
[WhiteElo "2124"]
[BlackElo "2110"]
[PlyCount "69"]
[EventDate "2018.05.11"]
[EventType "swiss"]
[EventRounds "6"]
[EventCountry "FRA"]
[SourceTitle "CBM 184 Extra"]
[Source "ChessBase"]
[SourceDate "2018.06.28"]
[SourceVersion "1"]
[SourceVersionDate "2018.06.28"]
[SourceQuality "1"]

1. c4 c5 2. g3 Nc6 3. Bg2 g6 4. Nc3 Bg7 5. a3 d6 6. Rb1 e5 7. b4 cxb4 8. axb4 Nge7 9. b5 Nd4 10. e3 Ne6 11. Nge2 0-0 12. 0-0 f5 13. d4 f4 14. dxe5 f3 15. Bxf3 Rxf3 16. exd6 Nf5 17. Qd5 Nh4 18. gxh4 Rf5 19. Qd2 Qxh4 20. Ng3 Ng5 21. f4 Nh3+ 22. Kg2 Bxc3 23. Qxc3 b6 24. Bb2 Bb7+ 25. e4 Qh6 26. d7 Kf7 27. Rbd1 Nxf4+ 28. Rxf4 Qxf4 29. Nxf5 Bxe4+ 30. Kg1 Qg4+ 31. Kf2 Qxf5+ 32. Ke3 Qf3+ 33. Kd4 Qxd1+ 34. Kxe4 Qg4+ 35. Ke5 0-1

[Event "Ile et Vilaine op"]
[Site "Rennes"]
[Date "2017.07.12"]
[Round "7"]
[White "Aloe, Kevin"]
[Black "Theon, Pierre"]
[Result "0-1"]
[WhiteElo "1770"]
[BlackElo "2150"]
[PlyCount "54"]
[EventDate "2017.07.08"]
[EventType "swiss"]
[EventRounds "9"]
[EventCountry "FRA"]
[SourceTitle "EXT 2019"]
[Source "ChessBase"]
[SourceDate "2018.10.10"]
[SourceVersion "1"]
[SourceVersionDate "2018.10.10"]
[SourceQuality "1"]

1. c4 e5 2. g3 Nc6 3. Bg2 f5 4. d3 Nf6 5. Nc3 Bb4 6. a3 Bxc3+ 7. bxc3 0-0 8. Qb3 Kh8 9. c5 b6 10. cxb6 axb6 11. Nf3 Qe8 12. d4 Bb7 13. 0-0 exd4 14. cxd4 Qxe2 15. Ra2 Na5 16. Rxe2 Nxb3 17. Rc2 Bxf3 18. Bxf3 Nxd4 19. Bxa8 Nxc2 20. Bg2 Re8 21. Bh3 g6 22. Bb2 Kg7 23. Rc1 Re1+ 24. Rxe1 Nxe1 25. Bf1 d5 26. Bb5 c5 27. Be5 Nf3+ 0-1

[Event "Porto Mannu op 7th"]
[Site "Porto Mannu"]
[Date "2015.06.08"]
[Round "3"]
[White "Theon, Pierre"]
[Black "Muhren, Bianca"]
[Result "0-1"]
[WhiteElo "2149"]
[BlackElo "2365"]
[PlyCount "54"]
[EventDate "2015.06.06"]
[EventType "swiss"]
[EventRounds "9"]
[EventCountry "ITA"]
[SourceTitle "CBM 166 Extra"]
[Source "ChessBase"]
[SourceDate "2015.06.18"]
[SourceVersion "1"]
[SourceVersionDate "2015.06.18"]
[SourceQuality "1"]

1. c4 e5 2. g3 Nf6 3. Bg2 Nc6 4. Nc3 Bc5 5. Nf3 d6 6. d3 h6 7. 0-0 0-0 8. a3 a6 9. b4 Ba7 10. Bb2 Be6 11. Rc1 Qd7 12. e3 Rfe8 13. Re1 Ne7 14. c5 Rad8 15. d4 e4 16. Nd2 d5 17. a4 c6 18. b5 axb5 19. axb5 Bh3 20. Bh1 Bb8 21. Rb1 Qf5 22. f3 exf3 23. Bxf3 Qg6 24. Nf1 Nf5 25. Qc2 Nxd4 26. Qxg6 Nxf3+ 27. Kf2 Nxe1 0-1

[Event "Plancoet op 11th"]
[Site "Plancoet"]
[Date "2014.07.31"]
[Round "7"]
[White "Theon, Pierre"]
[Black "Jessel, Stephen"]
[Result "0-1"]
[WhiteElo "2124"]
[BlackElo "2321"]
[PlyCount "32"]
[EventDate "2014.07.27"]
[EventType "swiss"]
[EventRounds "9"]
[EventCountry "FRA"]
[SourceTitle "CBM 161 Extra"]
[Source "ChessBase"]
[SourceDate "2014.08.29"]
[SourceVersion "1"]
[SourceVersionDate "2014.08.29"]
[SourceQuality "1"]

1. c4 e6 2. Nf3 d5 3. g3 dxc4 4. Bg2 a6 5. Qc2 Nf6 6. 0-0 b5 7. Ne5 Nd5 8. b3 cxb3 9. axb3 Bb7 10. Bb2 Nb4 11. Qc3 Bxg2 12. Kxg2 N8c6 13. Rc1 Qd5+ 14. Nf3 f6 15. d3 Bd6 16. Nbd2 Be5 0-1

[Event "Plancoet op 11th"]
[Site "Plancoet"]
[Date "2014.07.27"]
[Round "1"]
[White "Theon, Pierre"]
[Black "Saada, Julien"]
[Result "1-0"]
[WhiteElo "2124"]
[BlackElo "2378"]
[PlyCount "95"]
[EventDate "2014.07.27"]
[EventType "swiss"]
[EventRounds "9"]
[EventCountry "FRA"]
[SourceTitle "CBM 161 Extra"]
[Source "ChessBase"]
[SourceDate "2014.08.29"]
[SourceVersion "1"]
[SourceVersionDate "2014.08.29"]
[SourceQuality "1"]

1. Nf3 d5 2. c4 e6 3. g3 Nf6 4. Bg2 dxc4 5. Na3 Bxa3 6. bxa3 Nbd7 7. Qc2 0-0 8. Bb2 c5 9. Qxc4 b5 10. Qc2 Bb7 11. 0-0 Qe7 12. a4 b4 13. d3 Rfc8 14. Nd2 Bxg2 15. Kxg2 e5 16. Rac1 h5 17. Nc4 h4 18. e4 Nh5 19. f4 hxg3 20. fxe5 gxh2 21. Qf2 Rc6 22. Nd6 Rf8 23. Nf5 Qe6 24. Qh4 Qg6+ 25. Kxh2 Re8 26. Rg1 Qh7 27. Rg5 g6 28. Rcg1 Nf4 29. Qxh7+ Kxh7 30. Nd6 Re7 31. R5g3 Nf8 32. Rf3 N8e6 33. Rg4 g5 34. Bc1 Nd4 35. Rfg3 Re6 36. Nxf7 Rh6+ 37. Nxh6 Rxh6+ 38. Kg1 Nde2+ 39. Kf2 Nxc1 40. Ke3 Ne6 41. Rf3 Kg7 42. Rg2 Rh1 43. Rf6 Nd4 44. Rxg5+ Kh7 45. e6 Nxe6 46. Rxe6 Rh3+ 47. Kd2 Nxd3 48. Rd5 1-0

[Event "Rennes Masters op"]
[Site "Rennes"]
[Date "2013.04.01"]
[Round "5"]
[White "Ruhlmann, Helene"]
[Black "Theon, Pierre"]
[Result "0-1"]
[WhiteElo "1794"]
[BlackElo "2131"]
[PlyCount "58"]
[EventDate "2013.03.30"]
[EventType "tourn"]
[EventRounds "7"]
[EventCountry "FRA"]
[SourceTitle "EXT 2014"]
[Source "ChessBase"]
[SourceDate "2013.11.20"]
[SourceVersion "1"]
[SourceVersionDate "2013.11.20"]
[SourceQuality "1"]

1. d4 Nf6 2. Nf3 e6 3. c4 Bb4+ 4. Bd2 Qe7 5. Nc3 0-0 6. Qc2 d5 7. e3 c5 8. cxd5 exd5 9. dxc5 Nc6 10. Be2 Bxc5 11. 0-0 Re8 12. Rac1 Bb6 13. h3 h6 14. Rfe1 Be6 15. Nb5 Ne4 16. Bd3 a6 17. Nbd4 Rac8 18. Nxe6 Qxe6 19. Qd1 Qd6 20. a3 Bc7 21. Bc3 Nxc3 22. Rxc3 d4 23. Rc2 dxe3 24. fxe3 Rcd8 25. Rd2 Qg3 26. Qe2 Bb6 27. Qf2 Qxf2+ 28. Kxf2 Re7 29. Rde2 Rxe3 0-1

[Event "Rennes op 5th"]
[Site "Rennes"]
[Date "2012.07.09"]
[Round "5"]
[White "Castilla, Thomas"]
[Black "Theon, Pierre"]
[Result "0-1"]
[WhiteElo "1822"]
[BlackElo "2079"]
[PlyCount "126"]
[EventDate "2012.07.07"]
[EventType "swiss"]
[EventRounds "9"]
[EventCountry "FRA"]
[SourceTitle "CBM 149 Extra"]
[Source "ChessBase"]
[SourceDate "2012.08.24"]
[SourceVersion "1"]
[SourceVersionDate "2012.08.24"]
[SourceQuality "1"]

1. e4 e6 2. d4 d5 3. Nc3 Nc6 4. Nf3 Nf6 5. Bg5 Be7 6. e5 Ne4 7. Bxe7 Qxe7 8. Nxe4 dxe4 9. Nd2 Nxd4 10. Nxe4 Nc6 11. c3 Nxe5 12. Qd4 f6 13. 0-0-0 Bd7 14. Be2 Bc6 15. f3 0-0 16. Qe3 a5 17. f4 Nf7 18. Nc5 e5 19. Bc4 b5 20. Bxf7+ Qxf7 21. Kb1 exf4 22. Qxf4 Bd5 23. a3 Rfb8 24. Qf5 c6 25. Rhe1 Re8 26. g3 Rxe1 27. Rxe1 Re8 28. Qf2 Rxe1+ 29. Qxe1 Qg6+ 30. Ka1 h5 31. Na6 Qe4 32. Qxe4 Bxe4 33. Nc5 Bf5 34. b4 axb4 35. axb4 Kh7 36. Kb2 Kh6 37. h4 g5 38. Kc1 Kg6 39. Kd2 Bb1 40. Ke3 Kf5 41. Kf3 Bc2 42. hxg5 fxg5 43. Nb7 Ke5 44. Nd8 Be4+ 45. Ke3 Bd5 46. Nb7 h4 47. gxh4 gxh4 48. Kf2 Be4 49. Nc5 Kd5 50. Ke3 Bg2 51. Kf2 h3 52. Na6 Kc4 53. Kg1 Kxc3 54. Kh2 Be4 55. Kxh3 Bf5+ 56. Kg3 Bc8 57. Nb8 Bb7 58. Nd7 Kxb4 59. Kf4 Kc3 60. Nc5 Bc8 61. Ke5 Bh3 62. Ne4+ Kc2 63. Kd4 b4 0-1

[Event "Rennes op"]
[Site "Rennes"]
[Date "2012.04.09"]
[Round "5.4"]
[White "Theon, Pierre"]
[Black "Aubry, Yannis"]
[Result "1-0"]
[WhiteElo "2090"]
[BlackElo "2069"]
[PlyCount "63"]
[EventDate "2012.04.07"]
[EventType "swiss"]
[EventRounds "6"]
[EventCountry "FRA"]
[SourceTitle "EXT 2014"]
[Source "ChessBase"]
[SourceDate "2013.11.20"]
[SourceVersion "1"]
[SourceVersionDate "2013.11.20"]
[SourceQuality "1"]

1. e4 e6 2. Nf3 d5 3. Nc3 d4 4. Ne2 c5 5. d3 Nc6 6. g3 Bd6 7. Bg2 Nge7 8. Nd2 e5 9. Nc4 b5 10. Nxd6+ Qxd6 11. a4 Ba6 12. 0-0 0-0 13. f4 f6 14. f5 c4 15. g4 g5 16. h4 h6 17. Rf3 bxa4 18. b3 cxd3 19. cxd3 Rfb8 20. hxg5 hxg5 21. Ba3 Nb4 22. bxa4 Bc8 23. Qb3+ Kg7 24. Rh3 Bd7 25. Rh7+ Kxh7 26. Qf7+ Kh6 27. Kf2 Nxd3+ 28. Kg3 Nc1 29. Bxd6 Rb3+ 30. Kh2 Nxe2 31. Bxe7 Nf4 32. Bxf6 1-0

[Event "Ile et Vilaine op"]
[Site "Rennes"]
[Date "2011.06.13"]
[Round "5"]
[White "Theon, Pierre"]
[Black "Aubry, Yannis"]
[Result "1/2-1/2"]
[WhiteElo "2103"]
[BlackElo "2055"]
[PlyCount "54"]
[EventDate "2011.06.11"]
[EventType "swiss"]
[EventRounds "7"]
[EventCountry "FRA"]
[SourceTitle "EXT 2012"]
[Source "ChessBase"]
[SourceDate "2011.11.24"]
[SourceVersion "1"]
[SourceVersionDate "2011.11.24"]
[SourceQuality "1"]

1. e4 d6 2. d4 Nf6 3. Nc3 e5 4. dxe5 dxe5 5. Qxd8+ Kxd8 6. Bg5 c6 7. Bc4 Ke8 8. 0-0-0 Bc5 9. Nf3 Nbd7 10. Bh4 b5 11. Bb3 Bb6 12. Rhe1 Bc7 13. Bg3 h6 14. h4 g6 15. Ne2 Ng4 16. Ned4 Nb8 17. h5 Ke7 18. hxg6 fxg6 19. Nxb5 cxb5 20. Bd5 Nc6 21. Bxc6 Rb8 22. Nd4 Ba5 23. Bd5 Bd7 24. f3 Bxe1 25. Rxe1 exd4 26. Bxb8 Rxb8 27. fxg4 Bxg4 1/2-1/2

[Event "Ile et Vilaine op"]
[Site "Rennes"]
[Date "2011.06.12"]
[Round "4"]
[White "Le Marec, Simon"]
[Black "Theon, Pierre"]
[Result "0-1"]
[WhiteElo "2115"]
[BlackElo "2103"]
[PlyCount "122"]
[EventDate "2011.06.11"]
[EventType "swiss"]
[EventRounds "7"]
[EventCountry "FRA"]
[SourceTitle "EXT 2012"]
[Source "ChessBase"]
[SourceDate "2011.11.24"]
[SourceVersion "1"]
[SourceVersionDate "2011.11.24"]
[SourceQuality "1"]

1. e4 c5 2. Nf3 g6 3. d4 cxd4 4. Qxd4 Nf6 5. e5 Nc6 6. Qa4 Nd5 7. Qe4 Nc7 8. Nc3 Bg7 9. Bc4 b5 10. Nxb5 Nxb5 11. Qd5 0-0 12. Bxb5 Bb7 13. 0-0 Rb8 14. Qc5 d6 15. exd6 exd6 16. Qg5 Nb4 17. Qxd8 Rfxd8 18. Ba4 Bxf3 19. gxf3 Rdc8 20. Bb3 Nxc2 21. Rb1 Nd4 22. Bd1 Nb5 23. Be3 Nc3 24. Rc1 Rxb2 25. a4 a5 26. Kg2 Re8 27. Bf4 Nd5 28. Rc4 Nxf4+ 29. Rxf4 d5 30. Rg4 h5 31. Rg5 Rd8 32. f4 Bh6 33. Rg3 Bxf4 34. Rf3 Bd6 35. Bb3 Rd2 36. Rc1 Rd7 37. Rc6 Kg7 38. Rb6 Rd4 39. Rb5 Bb4 40. h3 Rd2 41. Rb6 Rd6 42. Rb7 Rf6 43. Rxf6 Kxf6 44. Rb5 Ke5 45. Kf1 Ke4 46. f3+ Ke5 47. Kg1 g5 48. Kh1 Rd3 49. Bc2 Rxf3 50. h4 gxh4 51. Kg2 Ra3 52. Bd1 h3+ 53. Kh2 h4 54. Rb7 Bd6 55. Rb1 Ke4+ 56. Kh1 Ra2 57. Bg4 Rh2+ 58. Kg1 Rg2+ 59. Kh1 Rxg4 60. Re1+ Kf5 61. Re5+ Kxe5 0-1

[Event "Ile et Vilaine op"]
[Site "Rennes"]
[Date "2011.06.11"]
[Round "1"]
[White "Theon, Pierre"]
[Black "Dupitier, Mickael"]
[Result "1-0"]
[WhiteElo "2103"]
[BlackElo "1853"]
[PlyCount "59"]
[EventDate "2011.06.11"]
[EventType "swiss"]
[EventRounds "7"]
[EventCountry "FRA"]
[SourceTitle "EXT 2012"]
[Source "ChessBase"]
[SourceDate "2011.11.24"]
[SourceVersion "1"]
[SourceVersionDate "2011.11.24"]
[SourceQuality "1"]

1. e4 c5 2. Nf3 d6 3. d4 cxd4 4. Nxd4 Nf6 5. Nc3 a6 6. Qe2 e6 7. g4 Nc6 8. Nb3 b5 9. Bg2 Bb7 10. g5 b4 11. Nd1 Nd7 12. f4 a5 13. Be3 Ba6 14. Qg4 a4 15. Nd2 Rc8 16. Nf2 Qc7 17. Nd3 g6 18. 0-0 h6 19. Nf3 Bg7 20. Rf2 h5 21. Qh3 0-0 22. f5 exf5 23. exf5 Be5 24. fxg6 fxg6 25. Qe6+ Kh7 26. Nh4 Bxh2+ 27. Kxh2 Bxd3 28. Rf7+ Rxf7 29. Qxf7+ Kh8 30. cxd3 1-0

[Event "Nantes op 10th"]
[Site "Nantes"]
[Date "2011.??.??"]
[Round "7"]
[White "Theon, Pierre"]
[Black "Ivanov, Jordan"]
[Result "1-0"]
[WhiteElo "2060"]
[BlackElo "2418"]
[PlyCount "93"]
[EventDate "2011.12.27"]
[EventType "swiss"]
[EventRounds "7"]
[EventCountry "FRA"]
[SourceTitle "EXT 2013"]
[Source "ChessBase"]
[SourceDate "2012.11.22"]
[SourceVersion "1"]
[SourceVersionDate "2012.11.22"]
[SourceQuality "1"]

1. e4 c5 2. Nc3 Nc6 3. Bb5 Nd4 4. Bc4 e6 5. Nge2 Nf6 6. 0-0 a6 7. d3 Nc6 8. Bg5 Be7 9. Qe1 h6 10. Bh4 b5 11. Bb3 Bb7 12. f4 d6 13. f5 e5 14. Bxf6 Bxf6 15. Nd5 h5 16. Nxf6+ Qxf6 17. Bd5 0-0-0 18. c3 Ne7 19. Bxb7+ Kxb7 20. a4 Nc6 21. Qf2 b4 22. Rfd1 Rhe8 23. Ng3 g6 24. fxg6 Qxf2+ 25. Kxf2 fxg6 26. Ke2 Rf8 27. Rf1 Rf4 28. Rf3 Na5 29. Raf1 Rdf8 30. Ke3 Rxf3+ 31. Rxf3 Rxf3+ 32. gxf3 Nb3 33. Ne2 g5 34. Ng1 Kb6 35. Nh3 Ka5 36. Nxg5 Kxa4 37. Nf7 Na5 38. Nxd6 Kb3 39. cxb4 cxb4 40. Nc4 Nc6 41. f4 exf4+ 42. Kxf4 a5 43. e5 a4 44. Ke4 h4 45. e6 h3 46. Kd5 Ne7+ 47. Kc5 1-0

[Event "FRA-chT1 1011"]
[Site "France"]
[Date "2010.11.14"]
[Round "3.3"]
[White "Grizou, Regis"]
[Black "Theon, Pierre"]
[Result "1/2-1/2"]
[WhiteElo "2203"]
[BlackElo "2098"]
[PlyCount "33"]
[EventDate "2010.10.17"]
[EventType "team-tourn"]
[EventRounds "11"]
[EventCountry "FRA"]
[SourceTitle "EXT 2012"]
[Source "ChessBase"]
[SourceDate "2011.11.24"]
[SourceVersion "1"]
[SourceVersionDate "2011.11.24"]
[SourceQuality "1"]

1. d4 g6 2. Nf3 Bg7 3. c4 d6 4. Nc3 Bg4 5. e3 c5 6. Be2 cxd4 7. Nxd4 Bxe2 8. Ncxe2 Nf6 9. 0-0 0-0 10. b3 Nc6 11. Bb2 Nxd4 12. Qxd4 d5 13. cxd5 Qxd5 14. Qb4 Qe4 15. Qxe4 Nxe4 16. Bxg7 Kxg7 17. f3 1/2-1/2

[Event "Angers op 5th"]
[Site "Angers"]
[Date "2010.04.25"]
[Round "5"]
[White "Theon, Pierre"]
[Black "Zounani, Yacine"]
[Result "1-0"]
[WhiteElo "2118"]
[BlackElo "1380"]
[PlyCount "53"]
[EventDate "2010.04.23"]
[EventType "swiss"]
[EventRounds "6"]
[EventCountry "FRA"]
[SourceTitle "EXT 2011"]
[Source "ChessBase"]
[SourceDate "2010.11.26"]
[SourceVersion "1"]
[SourceVersionDate "2010.11.26"]
[SourceQuality "1"]

1. e4 c5 2. b3 d6 3. Bb2 Nc6 4. Bb5 Nf6 5. Nc3 Bg4 6. f3 Bh5 7. Nge2 e6 8. d4 cxd4 9. Qxd4 e5 10. Qa4 Qc8 11. Nd5 Be7 12. g4 Bg6 13. Nb4 Kd7 14. 0-0-0 Bxe4 15. fxe4 Nxe4 16. Nxc6 bxc6 17. Ba6 Bg5+ 18. Kb1 Nd2+ 19. Rxd2 Qe8 20. Rdd1 Qb8 21. Bxe5 Be7 22. Nd4 Qb6 23. Nxc6 Ke6 24. Rhe1 dxe5 25. Rxe5+ Kf6 26. Qf4+ Kg6 27. Nxe7# 1-0

[Event "Angers op 5th"]
[Site "Angers"]
[Date "2010.04.24"]
[Round "4"]
[White "Caillot, Arnaud"]
[Black "Theon, Pierre"]
[Result "0-1"]
[WhiteElo "1717"]
[BlackElo "2118"]
[PlyCount "76"]
[EventDate "2010.04.23"]
[EventType "swiss"]
[EventRounds "6"]
[EventCountry "FRA"]
[SourceTitle "EXT 2011"]
[Source "ChessBase"]
[SourceDate "2010.11.26"]
[SourceVersion "1"]
[SourceVersionDate "2010.11.26"]
[SourceQuality "1"]

1. d4 c5 2. d5 g6 3. c4 Bg7 4. Nc3 Bxc3+ 5. bxc3 f5 6. Nf3 Qa5 7. Qb3 Nf6 8. e3 d6 9. Bd3 Nbd7 10. 0-0 Nb6 11. Nd2 Qa6 12. f3 Nfxd5 13. e4 Ne3 14. Re1 f4 15. Nf1 Nxf1 16. Kxf1 e5 17. Qb5+ Ke7 18. a4 Be6 19. Kf2 Bxc4 20. Bxc4 Nxc4 21. Rb1 Qxb5 22. Rxb5 Rhb8 23. Re2 a6 24. Rb3 b5 25. Ra2 bxa4 26. Rxb8 Rxb8 27. Rxa4 Nb2 28. Bxb2 Rxb2+ 29. Kf1 Rb6 30. Ke2 h5 31. h4 Rb2+ 32. Kf1 Rb6 33. Ke2 Ke6 34. c4 Rb2+ 35. Kf1 Rb4 36. Rxa6 Rxc4 37. Ra2 Rc1+ 38. Ke2 Rh1 0-1

[Event "Angers op 5th"]
[Site "Angers"]
[Date "2010.04.23"]
[Round "1"]
[White "Theon, Pierre"]
[Black "Daniel, Jean Claude"]
[Result "0-1"]
[WhiteElo "2118"]
[BlackElo "1859"]
[PlyCount "136"]
[EventDate "2010.04.23"]
[EventType "swiss"]
[EventRounds "6"]
[EventCountry "FRA"]
[SourceTitle "EXT 2011"]
[Source "ChessBase"]
[SourceDate "2010.11.26"]
[SourceVersion "1"]
[SourceVersionDate "2010.11.26"]
[SourceQuality "1"]

1. e4 c5 2. Nf3 Nc6 3. d4 cxd4 4. Nxd4 e5 5. Nb5 d6 6. N1c3 a6 7. Na3 b5 8. Nd5 Nge7 9. c4 Nd4 10. Bd3 Nxd5 11. cxd5 g6 12. 0-0 Bg7 13. Nc2 Nxc2 14. Qxc2 Bd7 15. Be3 0-0 16. Rfc1 Rc8 17. Qb3 Qa5 18. a3 f5 19. Qb4 Rxc1+ 20. Rxc1 Qxb4 21. axb4 fxe4 22. Bxe4 Rc8 23. Ra1 Rc4 24. f3 Bc8 25. Bd2 Bb7 26. Bc3 Bf8 27. Re1 Kf7 28. Kf2 Be7 29. Ke2 Bd8 30. Kd3 Bb6 31. h4 Rc7 32. h5 gxh5 33. Rh1 Kg8 34. Rxh5 Rg7 35. g4 Bd8 36. Bd2 Be7 37. Bh6 Rf7 38. Be3 Rg7 39. Rh6 Bc8 40. Rh1 Bb7 41. Rc1 Bd8 42. Bf5 Rc7 43. Be6+ Kg7 44. Rh1 Rc4 45. Bh6+ Kh8 46. Bf8 Rd4+ 47. Kc3 Bxd5 48. Bf5 Rc4+ 49. Kd2 Rd4+ 50. Ke3 Bg5+ 51. Kf2 Rd2+ 52. Ke1 Kg8 53. Bh6 Bxh6 54. Rxh6 Rxb2 55. Rxd6 Bxf3 56. Rxa6 Rxb4 57. Rh6 Be4 58. Be6+ Kg7 59. Rh5 Kf6 60. Bg8 Bg6 61. Rh3 Rxg4 62. Bxh7 b4 63. Bg8 Re4+ 64. Kd2 Rd4+ 65. Kc1 Rf4 66. Kb2 Bf7 67. Bh7 Rf2+ 68. Kb1 Bg6+ 0-1

[Event "Nantes op 8th"]
[Site "Nantes"]
[Date "2009.12.??"]
[Round "7"]
[White "Le Gallo, Frederic"]
[Black "Theon, Pierre"]
[Result "0-1"]
[WhiteElo "2041"]
[BlackElo "2121"]
[PlyCount "58"]
[EventDate "2009.12.??"]
[EventType "swiss"]
[EventRounds "9"]
[EventCountry "FRA"]
[SourceTitle "CBM 134 Extra"]
[Source "ChessBase"]
[SourceDate "2010.03.03"]
[SourceVersion "1"]
[SourceVersionDate "2010.03.03"]
[SourceQuality "1"]

1. e4 c5 2. c3 Nf6 3. e5 Nd5 4. d4 cxd4 5. Nf3 Nc6 6. Bc4 Nb6 7. Bb3 d5 8. exd6 Qxd6 9. Ng5 Qe5+ 10. Kf1 e6 11. g3 Be7 12. Nf3 Qh5 13. cxd4 Qh3+ 14. Ke1 0-0 15. Nc3 e5 16. d5 Nd4 17. Nxd4 exd4 18. Qxd4 Bf6 19. Qf4 Qg2 20. Rf1 Bh3 21. Bc4 Rfe8+ 22. Be3 Rxe3+ 23. fxe3 Qxb2 24. Nd1 Qb4+ 25. Kf2 Nxc4 26. Nc3 Qb2+ 27. Ne2 Ne5 28. Kg1 Bxf1 29. Qxf1 Qxa1 0-1